书目信息 |
| 题名: |
聚合工职业技能鉴定应知试题集
|
|
| 作者: | 罗资琴 , 李薇 主编 | |
| 分册: | ||
| 出版信息: | 北京 化学工业出版社 2017.6 |
|
| 页数: | 270页 | |
| 开本: | 26cm | |
| 丛书名: | ||
| 单 册: | ||
| 中图分类: | TQ31 | |
| 科图分类: | ||
| 主题词: | 聚合物--化学工业--习题 | |
| 电子资源: | ||
| ISBN: | 978-7-122-29329-9 | |
| 000 | 00941nam0 2200265 450 | |
| 001 | 0400001943 | |
| 005 | 20171019201805.0 | |
| 010 | @a978-7-122-29329-9@dCNY48.00 | |
| 100 | @a20170802d2017 em y0chiy50 ea | |
| 101 | 0 | @achi |
| 102 | @aCN@b110000 | |
| 105 | @ay q 000yy | |
| 106 | @ar | |
| 200 | 1 | @a聚合工职业技能鉴定应知试题集@9ju he gong zhi ye ji neng jian ding ying zhi shi ti ji@f罗资琴,李薇主编 |
| 210 | @a北京@c化学工业出版社@d2017.6 | |
| 215 | @a270页@d26cm | |
| 300 | @a职业技能鉴定培训教程 | |
| 307 | @a实际页数为:271 | |
| 330 | @a本书是主要内容包括化工基础知识部分,包括基础化学、化工机械、电气仪表、安全环保、职业道德等内容;高分子合成及材料成型部分,包括高分子合成基本理论知识、聚乙烯和聚氯乙烯等生产知识。 | |
| 606 | 0 | @a聚合物@x化学工业@j习题 |
| 690 | @aTQ31@v5 | |
| 701 | 0 | @a罗资琴@9luo zi qin@4主编 |
| 701 | 0 | @a李薇@9li wei@4主编 |
| 801 | 0 | @aCN@b91MARC@c20171019 |
| 905 | @b1031045-9@dTQ31@f5@e15 | |
| 聚合工职业技能鉴定应知试题集/罗资琴,李薇主编.-北京:化学工业出版社,2017.6 |
| 270页;26cm |
| 职业技能鉴定培训教程 |
| ISBN 978-7-122-29329-9:CNY48.00 |
| 本书是主要内容包括化工基础知识部分,包括基础化学、化工机械、电气仪表、安全环保、职业道德等内容;高分子合成及材料成型部分,包括高分子合成基本理论知识、聚乙烯和聚氯乙烯等生产知识。 |
| ● |
| 相关链接 |
|
|
|
|
正题名:聚合工职业技能鉴定应知试题集
索取号:TQ31/15
 
预约/预借
| 序号 | 登录号 | 条形码 | 馆藏地/架位号 | 状态 | 备注 |
| 1 | 1031045 | 210310457 | 第二样本阅览室/ [索取号:TQ31/15] | 在馆 | |
| 2 | 1031046 | 210310466 | 密集书库-化学系/ [索取号:TQ31/15] | 在馆 | |
| 3 | 1031047 | 210310475 | 第三借阅区/ [索取号:TQ31/15] | 在馆 | |
| 4 | 1031048 | 210310484 | 第三借阅区/ [索取号:TQ31/15] | 在馆 | |
| 5 | 1031049 | 210310493 | 第三借阅区/ [索取号:TQ31/15] | 在馆 |